Hell Or High Water (Record no. 353083)
[ view plain ]
| 000 -LEADER | |
|---|---|
| fixed length control field | 00706nam a2200133Ia 4500 |
| 008 - FIXED-LENGTH DATA ELEMENTS--GENERAL INFORMATION | |
| fixed length control field | 171212s9999 xx 000 0 und d |
| 020 ## - INTERNATIONAL STANDARD BOOK NUMBER | |
| International Standard Book Number | 9780874214260 |
| 100 ## - MAIN ENTRY--PERSONAL NAME | |
| Personal name | Adams, Eilean |
| 245 ## - TITLE STATEMENT | |
| Statement of responsibility, etc | Adams, Eilean |
| Title | Hell Or High Water |
| Remainder of title | James White's Disputed Passage through Grand Canyon, 1867 |
| 260 ## - PUBLICATION, DISTRIBUTION, ETC. (IMPRINT) | |
| Name of publisher, distributor, etc | University Press of Colorado |
| Date of publication, distribution, etc | 2001 |
| 650 ## - SUBJECT ADDED ENTRY--TOPICAL TERM | |
| Topical term or geographic name as entry element | Ecology & Evolutionary Biology |
| 650 ## - SUBJECT ADDED ENTRY--TOPICAL TERM | |
| Topical term or geographic name as entry element | White, James, 1837 -- Journeys -- Colorado River (Colo.-Mexico); White, James, 1827 -- Journeys -- Arizona -- Grand Canyon; Colorado River (Colo.-Mexico) -- Discovery and exploration; Colorado River (Colo.-Mexico) -- Description and travel; Grand Canyon ( |
| 856 ## - ELECTRONIC LOCATION AND ACCESS | |
| Uniform Resource Identifier | <a href="www.jstor.org/stable/10.2307/j.ctt46nsf1">www.jstor.org/stable/10.2307/j.ctt46nsf1</a> |
| Withdrawn status | Lost status | Damaged status | Home library | Current library | Date acquired | Total Checkouts | Full call number | Date last seen | Price effective from | Koha item type |
|---|---|---|---|---|---|---|---|---|---|---|
| College Library | College Library | 12/12/2017 | F788.A36 2001 | 12/12/2017 | 12/12/2017 | Curriculum - Based eBooks |